| 000 | 00825nam a22002412 4500 | ||
|---|---|---|---|
| 001 | 0000002415 | ||
| 005 | 20151217151853.0 | ||
| 008 | 070410s xx 000 0 eng d | ||
| 040 |
_aKABU _cKABU |
||
| 050 | 0 |
_aHF5679 _b.S24 1992 |
|
| 100 | 1 |
_aSaftner, Donald V. _@0000151771 |
|
| 245 | 1 | 0 |
_aIt's your business / _cDonald V. Saftner and Rosalind Cranor. |
| 250 | _a2nd ed. | ||
| 260 |
_aHomewood, Illinois : _bIrwin, _c1992. |
||
| 300 |
_a178 p. + _e+ 2 computer disks, 51/4 in. + manual (ii, 302 p.) |
||
| 650 | 0 |
_aAccounting _xSoftware. _@0000151772 |
|
| 700 | 1 |
_aCranor, Rosalind. _@0000151773 |
|
| 908 | _a070410 | ||
| 950 | _@1 | ||
| 999 |
_c5845 _d5845 |
||